| 000 | 00784nam a2200193 a 4500 | ||
|---|---|---|---|
| 003 | 0 | ||
| 005 | 20250507154255.0 | ||
| 008 | 970101s19uu xx 00 eng d | ||
| 050 |
_aPHS GN 495.6 _b.L39 2004 |
||
| 100 | _aLazaro, Ma. Clarissa H. | ||
| 245 |
_aA Comparative study on the adjustment of Japanese and Korean students to the Filipino culture / _cMa. Clarissa H. Lazaro. |
||
| 260 |
_aLas PiƱas City, Philippines : _bSouthville International School and Colleges, _c2004. |
||
| 300 |
_a69 pages : _billustrations ; _c28 cm. |
||
| 504 | _aIncludes bibliographical references. | ||
| 650 |
_aAcculturation _zPhilippines. |
||
| 650 |
_aJapanese students _zPhilippines _xCultural assimilation. |
||
| 650 |
_aKorean students _zPhilippines _xCultural assimilation. |
||
| 942 |
_2lcc _cPASS |
||
| 999 |
_c97132 _d97132 |
||